Bandiere Storiche parte 3 - Statistics

Statistiche generali
  • Questo quiz è stato fatto 40 volte
  • Il punteggio medio è 2 su 12
Statistiche sulle risposte
con Immagini Risposta % Corretto
Impero Russo
89%
Vietnam del Sud
46%
Impero Sasanide
18%
Dinastia Song
4%
Impero Anglo-Indiano
4%
Makuria
4%
Manciukuò
4%
Regno d'Armenia
4%
Dinastia Ayyubidi
0%
Regno di Loango
0%
Signoria di Piombino
0%
Sultanato degli Agiuran
0%
Nessun quiz corrispondente trovato
Distribuzione punteggi
Percentuale di utenti per punteggio
Percentile per numero di risposta
I tuoi punteggi nel tempo
Non hai fatto questo quiz